00334 2200133 4500001002100000005001500021035002000036245007100056300000700127260003400134082000800168084001200176990001200188INLIS00000000000212920250527112058 a0010-0525000421 aTrik dan Tips Menjadi PNS /cPriyanto Susioladi, Bimo Wahyu Widodo a64 bMacanan Jaya Cemeriang,c2007 a300 a300 TRI a0713233